000 01193cam a22001694a 4500
005 20250605163654.0
008 250528s ||||||||||||||||||||||||d
035 _a24023
040 _aGR-AtMCL
_bgre
_dGR-AtMCL
_eAACR2
245 1 _aSupply Chain and Logistics / Το Περιοδικό για την Εφοδιαστική Αλυσίδα
260 _bParametros Group
_bScl Magazine,
_c2017
300 _a96
520 _aJoinCargo: Μια Ιστορία Επιτυχίας Αλλάζει Ραγδαία τον Κλάδο των Μεταφορών, Δ.Σ. ILME: Είναι Καιρός να Κάνουμε Πράξη το Collaboration στα Logistics Ξεκινώντας από τους Φορείς, Σύγχρονες Εμπορευματικές Μεταφορές με Νέα Δυναμική στον Κλάδο από τα Πλάνα Χρηματοδότησης, Επιλέγοντας το Κατάλληλο Επαγγελματικό όχημα, Το Επαγγελματικό Όχημα είναι Εδώ, Απλή Transit Πύλη η Ελλάδα ή Σημαντικός Έταιρος της Ασίας;
942 _cCR
999 _c8926
_d8926